[Event "WchT Seniors 50"]
[Site "Krakow"]
[Date "2024.07.03"]
[Round "2.1"]
[White "Adams, Michael"]
[Black "Belakovskaia, Anjelina"]
[Result "1-0"]
[WhiteElo "2672"]
[BlackElo "2171"]
[PlyCount "73"]
[EventDate "2024.07.02"]
[EventType "team-swiss"]
[EventRounds "9"]
[EventCountry "POL"]
[SourceTitle "CBM 221 Extra"]
[Source "ChessBase"]
[SourceDate "2024.09.30"]
[SourceVersion "1"]
[SourceVersionDate "2024.09.30"]
[SourceQuality "1"]
[WhiteTeam "England 50"]
[BlackTeam "USA 50 (W)"]
[WhiteTeamCountry "ENG"]
[BlackTeamCountry "USA"]

1. e4 e5 2. Nf3 Nc6 3. Bb5 a6 4. Ba4 Nf6 5. 0-0 Be7 6. d3 b5 7. Bb3 d6 8. a4 Rb8 9. c3 0-0 10. Nbd2 d5 11. axb5 axb5 12. Re1 Bb7 13. exd5 Nxd5 14. Ne4 Nf6 15. Qe2 Ra8 16. Rxa8 Qxa8 17. Bg5 Nxe4 18. dxe4 Bxg5 19. Nxg5 Nd8 20. h3 c5 21. Qxb5 h6 22. Nf3 Bxe4 23. Re3 Ne6 24. Bxe6 Bxf3 25. Rxf3 fxe6 26. Rxf8+ Qxf8 27. b4 cxb4 28. cxb4 Qd6 29. Qc5 Qd1+ 30. Kh2 Qd4 31. Qxd4 exd4 32. Kg3 Kf7 33. f4 g5 34. fxg5 hxg5 35. Kf3 e5 36. Ke4 Ke6 37. g3 1-0

[Event "ENG-ch"]
[Site "Kenilworth"]
[Date "2024.06.23"]
[Round "7"]
[White "Adams, Michael"]
[Black "Ghasi, Ameet K"]
[Result "1/2-1/2"]
[WhiteElo "2670"]
[BlackElo "2496"]
[PlyCount "41"]
[EventDate "2024.06.20"]
[EventType "swiss"]
[EventRounds "7"]
[EventCountry "ENG"]
[SourceTitle "CBM 220 Extra"]
[Source "ChessBase"]
[SourceDate "2024.07.31"]
[SourceVersion "1"]
[SourceVersionDate "2024.07.31"]
[SourceQuality "1"]

1. e4 c6 2. d4 d5 3. e5 Bf5 4. Nf3 e6 5. Be2 c5 6. 0-0 Nc6 7. c3 cxd4 8. cxd4 Nge7 9. Nc3 Bg4 10. Nh4 Bxe2 11. Nxe2 Ng6 12. Nf3 Be7 13. g3 0-0 14. h4 f6 15. Nf4 Nxf4 16. Bxf4 f5 17. Qd2 Qe8 18. Kg2 Qh5 19. Rac1 h6 20. a3 Rac8 21. Rc3 1/2-1/2

[Event "ENG-ch playoff"]
[Site "Kenilworth"]
[Date "2024.06.23"]
[Round "1"]
[White "Adams, Michael"]
[Black "Jones, Gawain C B"]
[Result "0-1"]
[WhiteElo "2670"]
[BlackElo "2633"]
[PlyCount "98"]
[EventDate "2024.06.23"]
[EventType "match (blitz)"]
[EventRounds "2"]
[EventCountry "ENG"]
[SourceTitle "CBM 220 Extra"]
[Source "ChessBase"]
[SourceDate "2024.07.31"]
[SourceVersion "1"]
[SourceVersionDate "2024.07.31"]
[SourceQuality "1"]

1. e4 e5 2. Nf3 Nc6 3. Bb5 a6 4. Ba4 Nf6 5. 0-0 d6 6. Re1 Bd7 7. Bxc6 Bxc6 8. Nc3 Be7 9. d4 exd4 10. Nxd4 Bd7 11. Bf4 0-0 12. a4 Re8 13. a5 Bf8 14. h3 Rb8 15. Qd3 h6 16. e5 dxe5 17. Bxe5 Bd6 18. Bxd6 Rxe1+ 19. Rxe1 cxd6 20. b4 d5 21. Nb3 Qf8 22. Nc5 Bc6 23. Qd4 Re8 24. Re5 Ne4 25. Nd3 Rxe5 26. Nxe5 Nxc3 27. Qxc3 Qd6 28. Qd4 Qe6 29. c3 Bb5 30. Ng4 Qe1+ 31. Kh2 Qe6 32. Ne3 Bc6 33. h4 f6 34. f3 Kf7 35. Kg3 Qe5+ 36. Kf2 h5 37. Qd3 Qh2 38. Qd4 Qe5 39. g3 g6 40. Qd3 Qe6 41. Ng2 Bb5 42. Qd2 Bc4 43. Ne3 Qh3 44. Nxc4 dxc4 45. Qd5+ Ke8 46. Qxb7 Qh2+ 47. Ke3 Qg1+ 48. Ke4 Qxg3 49. Qxa6 Qe5# 0-1

[Event "ENG-ch playoff"]
[Site "Kenilworth"]
[Date "2024.06.23"]
[Round "2"]
[White "Jones, Gawain C B"]
[Black "Adams, Michael"]
[Result "1/2-1/2"]
[WhiteElo "2633"]
[BlackElo "2670"]
[PlyCount "150"]
[EventDate "2024.06.23"]
[EventType "match (blitz)"]
[EventRounds "2"]
[EventCountry "ENG"]
[SourceTitle "CBM 220 Extra"]
[Source "ChessBase"]
[SourceDate "2024.07.31"]
[SourceVersion "1"]
[SourceVersionDate "2024.07.31"]
[SourceQuality "1"]

1. Nf3 d5 2. g3 Nd7 3. d4 Nb6 4. Bg2 Bf5 5. 0-0 e6 6. Bf4 Nf6 7. Nc3 c6 8. Nd2 Be7 9. e4 Bg4 10. Qe1 0-0 11. Be3 Bh5 12. e5 Nfd7 13. Ne2 Bg6 14. Rc1 c5 15. Nf4 cxd4 16. Bxd4 Rc8 17. c4 dxc4 18. Nxg6 hxg6 19. Bxb7 Nc5 20. Bxc5 Rxc5 21. Bg2 Qd4 22. Rc2 Rxe5 23. Nf3 Rxe1 24. Nxd4 Rxf1+ 25. Kxf1 Bf6 26. Nb5 a5 27. Nd6 Rb8 28. Be4 Be7 29. Nxc4 Nxc4 30. Rxc4 Rxb2 31. Rc8+ Bf8 32. a4 f5 33. Bc6 Kf7 34. Be8+ Kf6 35. Rc7 Be7 36. h4 Rb8 37. Bb5 Bd6 38. Ra7 Bb4 39. Ra6 Rd8 40. Bc4 Rd1+ 41. Kg2 Re1 42. Kf3 Re4 43. Bd5 Re5 44. Bc4 Bd2 45. Rd6 Bc1 46. Rc6 Bd2 47. Rd6 Be1 48. Bb3 Re4 49. Rc6 Bd2 50. Bd5 Re5 51. Bc4 g5 52. hxg5+ Bxg5 53. g4 g6 54. gxf5 gxf5 55. Ra6 Bd2 56. Bb3 Bc3 57. Bc4 Bd4 58. Bb5 Bc3 59. Rc6 Bb4 60. Bc4 Re4 61. Bd5 Re1 62. Bc4 Ke7 63. Ra6 Re4 64. Bb3 Be1 65. Ra7+ Kf6 66. Ra6 Bc3 67. Rc6 Bd2 68. Rc4 Re1 69. Rc2 Bb4 70. Re2 Rxe2 71. Kxe2 e5 72. Bc4 e4 73. f3 Ke5 74. fxe4 fxe4 75. Bb5 Kd4 1/2-1/2

[Event "ENG-ch"]
[Site "Kenilworth"]
[Date "2024.06.22"]
[Round "5"]
[White "Adams, Michael"]
[Black "Gormally, Daniel"]
[Result "1-0"]
[WhiteElo "2670"]
[BlackElo "2421"]
[PlyCount "57"]
[EventDate "2024.06.20"]
[EventType "swiss"]
[EventRounds "7"]
[EventCountry "ENG"]
[SourceTitle "CBM 220 Extra"]
[Source "ChessBase"]
[SourceDate "2024.07.31"]
[SourceVersion "1"]
[SourceVersionDate "2024.07.31"]
[SourceQuality "1"]

1. e4 e6 2. d4 d5 3. e5 c5 4. c3 Nc6 5. Nf3 Bd7 6. Be2 Nge7 7. Na3 cxd4 8. cxd4 Nf5 9. Nc2 Be7 10. 0-0 0-0 11. Bd3 f6 12. Bxf5 exf5 13. Bf4 fxe5 14. dxe5 Be6 15. Qd2 Rc8 16. Rfd1 Kh8 17. h3 Qd7 18. Ncd4 Bg8 19. Rac1 Nxd4 20. Nxd4 Bc5 21. Be3 b6 22. Ne2 Qe7 23. Bd4 Qh4 24. Nf4 Be7 25. g3 Qh6 26. h4 b5 27. Rxc8 Rxc8 28. Rc1 Qa6 29. e6 1-0

[Event "ENG-ch"]
[Site "Kenilworth"]
[Date "2024.06.22"]
[Round "6"]
[White "Badacsonyi, Stanley Ethan Artie"]
[Black "Adams, Michael"]
[Result "0-1"]
[WhiteElo "2132"]
[BlackElo "2670"]
[PlyCount "216"]
[EventDate "2024.06.20"]
[EventType "swiss"]
[EventRounds "7"]
[EventCountry "ENG"]
[SourceTitle "CBM 220 Extra"]
[Source "ChessBase"]
[SourceDate "2024.07.31"]
[SourceVersion "1"]
[SourceVersionDate "2024.07.31"]
[SourceQuality "1"]

1. Nf3 d5 2. g3 Nf6 3. Bg2 c6 4. 0-0 Bg4 5. d3 e6 6. c4 Nbd7 7. Nc3 Bc5 8. b3 0-0 9. Bb2 Re8 10. Qc2 Qe7 11. Rad1 Rad8 12. d4 Bb4 13. Rfe1 Bh5 14. Nd2 e5 15. dxe5 Nxe5 16. cxd5 cxd5 17. Nb5 Rc8 18. Qf5 a6 19. Bxe5 Qxe5 20. Qxe5 Rxe5 21. Nd4 Bc3 22. N2f3 Bxf3 23. Nxf3 Ree8 24. Nd2 Bb4 25. a3 Bxa3 26. e4 Bb4 27. e5 Ng4 28. Rf1 Rcd8 29. Nf3 Nxe5 30. Nxe5 Rxe5 31. f4 Re7 32. Rxd5 Rxd5 33. Bxd5 Rc7 34. Kg2 Kf8 35. Rf2 b5 36. Re2 Rc3 37. Re5 Bd6 38. Rf5 Rc7 39. Be4 Ke7 40. Rd5 g6 41. Rd3 f5 42. Bd5 Rc2+ 43. Kh1 Rc1+ 44. Kg2 Rc2+ 45. Kh1 a5 46. Re3+ Kd8 47. Re6 Kd7 48. Re1 Bb4 49. Rd1 Ke7 50. Bg8 h6 51. Rd5 Bc5 52. Re5+ Kf8 53. Bd5 Be7 54. Re6 Rc5 55. Bf3 Rc3 56. Bd5 Rd3 57. Bc6 Rxb3 58. Re5 Rb1+ 59. Kg2 Rb2+ 60. Kh3 a4 61. Bxb5 a3 62. Bc4 Rc2 63. Bb3 Rb2 64. Bc4 Rc2 65. Bb3 Rc3 66. Ba2 Rc7 67. Bb3 Kg7 68. Ba2 Bc5 69. Bb3 h5 70. Kg2 Rb7 71. Bc4 Rb2+ 72. Kh1 Rb1+ 73. Kg2 Rb2+ 74. Kh1 Rc2 75. Bb3 Rc3 76. Be6 Rc1+ 77. Kg2 Rc2+ 78. Kh1 h4 79. gxh4 Bd6 80. Ra5 Bxf4 81. Rxa3 Rxh2+ 82. Kg1 Rxh4 83. Ra6 Rh3 84. Kg2 Re3 85. Bd5 Re5 86. Bc4 Re7 87. Kf3 Bg5 88. Bd5 Rd7 89. Bc4 Rc7 90. Ra4 Kh6 91. Kg3 Bd2 92. Bb5 Kg5 93. Ra6 Re7 94. Bc4 Bc3 95. Kf3 Rc7 96. Bd5 Bd4 97. Bg8 Rc3+ 98. Kg2 Rc2+ 99. Kg3 Rc3+ 100. Kg2 f4 101. Bd5 Kf5 102. Bf3 g5 103. Bd1 Rg3+ 104. Kh2 g4 105. Bc2+ Kg5 106. Ra5+ Kh4 107. Bg6 Rh3+ 108. Kg2 f3+ 0-1

[Event "ENG-ch"]
[Site "Kenilworth"]
[Date "2024.06.21"]
[Round "3"]
[White "Adams, Michael"]
[Black "Wells, Peter K"]
[Result "1-0"]
[WhiteElo "2670"]
[BlackElo "2354"]
[PlyCount "84"]
[EventDate "2024.06.20"]
[EventType "swiss"]
[EventRounds "7"]
[EventCountry "ENG"]
[SourceTitle "CBM 220 Extra"]
[Source "ChessBase"]
[SourceDate "2024.07.31"]
[SourceVersion "1"]
[SourceVersionDate "2024.07.31"]
[SourceQuality "1"]

1. e4 e5 2. Nf3 Nc6 3. Bb5 a6 4. Ba4 Nf6 5. 0-0 Be7 6. d3 b5 7. Bb3 d6 8. c3 0-0 9. h3 Na5 10. Bc2 c5 11. d4 cxd4 12. cxd4 Nc6 13. Nc3 Nxd4 14. Nxd4 exd4 15. Qxd4 Be6 16. Bf4 Rc8 17. Bb3 Qd7 18. Rfd1 Rfd8 19. Rd2 Bc4 20. Qe3 Qe6 21. Bxc4 Rxc4 22. Re1 h6 23. b3 Rcc8 24. Ree2 Nh5 25. Rc2 Nxf4 26. Qxf4 Bg5 27. Qf3 Re8 28. Qd3 h5 29. Re1 h4 30. Rce2 Qe5 31. Nd5 Rc5 32. Qf3 Rec8 33. Qg4 g6 34. f4 Qd4+ 35. Kh1 Bd8 36. f5 g5 37. f6 Bxf6 38. Rf1 Bd8 39. Ref2 Rc1 40. Rxf7 Qe5 41. Qd7 Rxf1+ 42. Rxf1 Rb8 1-0

[Event "ENG-ch"]
[Site "Kenilworth"]
[Date "2024.06.21"]
[Round "4"]
[White "Jones, Gawain C B"]
[Black "Adams, Michael"]
[Result "1/2-1/2"]
[WhiteElo "2633"]
[BlackElo "2670"]
[PlyCount "38"]
[EventDate "2024.06.20"]
[EventType "swiss"]
[EventRounds "7"]
[EventCountry "ENG"]
[SourceTitle "CBM 220 Extra"]
[Source "ChessBase"]
[SourceDate "2024.07.31"]
[SourceVersion "1"]
[SourceVersionDate "2024.07.31"]
[SourceQuality "1"]

1. c4 e5 2. Nc3 Nf6 3. Nf3 Nc6 4. g3 Bb4 5. Nd5 Bc5 6. Bg2 d6 7. 0-0 0-0 8. e3 Bb6 9. a4 Bg4 10. h3 Bh5 11. g4 Bg6 12. d4 a5 13. Nxb6 cxb6 14. b3 Re8 15. Nh4 exd4 16. Nxg6 hxg6 17. exd4 d5 18. Bg5 Qd6 19. c5 bxc5 1/2-1/2

[Event "ENG-ch"]
[Site "Kenilworth"]
[Date "2024.06.20"]
[Round "1"]
[White "Adams, Michael"]
[Black "Clarke, James"]
[Result "1-0"]
[WhiteElo "2670"]
[BlackElo "1894"]
[PlyCount "79"]
[EventDate "2024.06.20"]
[EventType "swiss"]
[EventRounds "7"]
[EventCountry "ENG"]
[SourceTitle "CBM 220 Extra"]
[Source "ChessBase"]
[SourceDate "2024.07.31"]
[SourceVersion "1"]
[SourceVersionDate "2024.07.31"]
[SourceQuality "1"]

1. e4 e5 2. Nf3 Nf6 3. Nxe5 d6 4. Nf3 Nxe4 5. Nc3 Nxc3 6. dxc3 Be7 7. Be3 0-0 8. Qd2 Nd7 9. 0-0-0 Nf6 10. Kb1 d5 11. h3 Re8 12. g4 c6 13. Bd3 Qa5 14. Nd4 Ne4 15. Bxe4 dxe4 16. Qe2 Bf6 17. Nb3 Qc7 18. h4 a5 19. Nd2 b6 20. g5 Bd8 21. h5 Bf5 22. Rh4 Qb7 23. h6 g6 24. Nc4 Bc7 25. Bd4 b5 26. Ne3 Be6 27. Ng4 Bd8 28. Nf6+ Bxf6 29. Bxf6 Bd5 30. Qe3 a4 31. Rhh1 Qc8 32. Rhe1 Qe6 33. a3 Qf5 34. Qd4 Re6 35. Bh8 f6 36. Bxf6 Ree8 37. Rd2 Re6 38. Red1 Rd6 39. c4 bxc4 40. Be7 1-0

[Event "ENG-ch"]
[Site "Kenilworth"]
[Date "2024.06.20"]
[Round "2"]
[White "Khoury, Theo"]
[Black "Adams, Michael"]
[Result "0-1"]
[WhiteElo "2057"]
[BlackElo "2670"]
[PlyCount "70"]
[EventDate "2024.06.20"]
[EventType "swiss"]
[EventRounds "7"]
[EventCountry "ENG"]
[SourceTitle "CBM 220 Extra"]
[Source "ChessBase"]
[SourceDate "2024.07.31"]
[SourceVersion "1"]
[SourceVersionDate "2024.07.31"]
[SourceQuality "1"]

1. e4 e5 2. Nf3 Nc6 3. d4 exd4 4. Nxd4 Nf6 5. Nxc6 bxc6 6. e5 Qe7 7. Qe2 Nd5 8. h4 Qe6 9. Nd2 a5 10. g3 Nb6 11. h5 h6 12. Bh3 Qd5 13. Qe4 Ba6 14. Bf1 Bxf1 15. Kxf1 0-0-0 16. b3 Bb4 17. Qxd5 Nxd5 18. Nc4 Bc3 19. Bb2 Bxb2 20. Nxb2 Rde8 21. Nd3 Rhf8 22. c4 Nb4 23. Nxb4 axb4 24. Re1 Re6 25. f4 Rfe8 26. Kf2 c5 27. g4 Kb7 28. Re2 d6 29. Rhe1 dxe5 30. Rxe5 Rxe5 31. Rxe5 Rxe5 32. fxe5 Kc6 33. Kf3 Kd7 34. Ke3 Ke6 35. Ke4 g5 0-1

[Event "GER CupT final"]
[Site "Baden Baden"]
[Date "2024.06.16"]
[Round "2.1"]
[White "Krasenkow, Michal"]
[Black "Adams, Michael"]
[Result "1/2-1/2"]
[WhiteElo "2520"]
[BlackElo "2670"]
[PlyCount "42"]
[EventDate "2024.06.15"]
[EventType "team-k.o."]
[EventRounds "2"]
[EventCountry "GER"]
[SourceTitle "CBM 220 Extra"]
[Source "ChessBase"]
[SourceDate "2024.07.31"]
[SourceVersion "1"]
[SourceVersionDate "2024.07.31"]
[SourceQuality "1"]
[WhiteTeam "Deizisau"]
[BlackTeam "Baden-Baden"]
[WhiteTeamCountry "GER"]
[BlackTeamCountry "GER"]

1. d4 Nf6 2. c4 e6 3. Nf3 d5 4. Nc3 Nbd7 5. Bg5 h6 6. Bh4 Be7 7. e3 0-0 8. Rc1 c5 9. cxd5 Nxd5 10. Bxe7 Nxe7 11. dxc5 Nxc5 12. b4 Qxd1+ 13. Rxd1 Nd7 14. Be2 Nb6 15. 0-0 Nbd5 16. Nxd5 Nxd5 17. Rd4 b6 18. Rc1 Bb7 19. a3 Rfc8 20. Rxc8+ Rxc8 21. Rc4 Rxc4 1/2-1/2

[Event "Salamanca Masters 7th"]
[Site "Salamanca"]
[Date "2024.05.25"]
[Round "7"]
[White "Adams, Michael"]
[Black "Alekseenko, Kirill"]
[Result "1-0"]
[WhiteElo "2677"]
[BlackElo "2679"]
[PlyCount "113"]
[EventDate "2024.05.22"]
[EventType "tourn (rapid)"]
[EventRounds "7"]
[EventCountry "ESP"]
[EventCategory "12"]
[SourceTitle "CBM 220 Extra"]
[Source "ChessBase"]
[SourceDate "2024.07.31"]
[SourceVersion "1"]
[SourceVersionDate "2024.07.31"]
[SourceQuality "1"]

1. e4 e5 2. Nf3 Nc6 3. Bb5 a6 4. Ba4 d6 5. c4 Nf6 6. Nc3 Bg4 7. h3 Bxf3 8. Qxf3 Nd7 9. Bxc6 bxc6 10. d3 Nc5 11. 0-0 Be7 12. Ne2 0-0 13. d4 exd4 14. Nxd4 Qe8 15. Be3 Bf6 16. Rad1 Nxe4 17. Rfe1 Bxd4 18. Bxd4 f5 19. c5 Qf7 20. Qa3 d5 21. f3 Ng5 22. Qe3 h6 23. h4 Rae8 24. Be5 Ne6 25. b4 Re7 26. Re2 Rb8 27. a3 Nf8 28. Qd3 Ng6 29. Bg3 f4 30. Rxe7 Nxe7 31. Bf2 Ra8 32. Re1 a5 33. b5 Nf5 34. b6 cxb6 35. cxb6 Qf6 36. h5 Rb8 37. Bc5 Ne3 38. Bxe3 fxe3 39. Qxe3 d4 40. Qb3+ Qf7 41. Qb2 Qd5 42. Re7 c5 43. b7 c4 44. Qb6 d3 45. Rxg7+ Kxg7 46. Qc7+ Kf6 47. Qxb8 Qd4+ 48. Kf1 Qa1+ 49. Kf2 Qa2+ 50. Kg3 Qb1 51. Qd6+ Kf5 52. Qf4+ Ke6 53. Qxc4+ Kd7 54. Qc8+ Ke7 55. b8Q Qe1+ 56. Kh3 Qh1+ 57. Qh2 1-0

[Event "Salamanca Masters 7th"]
[Site "Salamanca"]
[Date "2024.05.25"]
[Round "6"]
[White "Calzetta Ruiz, Monica"]
[Black "Adams, Michael"]
[Result "1/2-1/2"]
[WhiteElo "2244"]
[BlackElo "2677"]
[PlyCount "97"]
[EventDate "2024.05.22"]
[EventType "tourn (rapid)"]
[EventRounds "7"]
[EventCountry "ESP"]
[EventCategory "12"]
[SourceTitle "CBM 220 Extra"]
[Source "ChessBase"]
[SourceDate "2024.07.31"]
[SourceVersion "1"]
[SourceVersionDate "2024.07.31"]
[SourceQuality "1"]

1. e4 e5 2. Nf3 Nc6 3. Bb5 a6 4. Ba4 Nf6 5. 0-0 Be7 6. Re1 b5 7. Bb3 0-0 8. d4 d6 9. c3 Bg4 10. d5 Na5 11. Bc2 Qc8 12. h3 Bd7 13. Nbd2 c6 14. dxc6 Qxc6 15. Nf1 Rfe8 16. Ng3 Nc4 17. a4 Rac8 18. axb5 axb5 19. b3 Nb6 20. Bd2 Ra8 21. Qe2 Rxa1 22. Rxa1 Ra8 23. Qf1 Ne8 24. Bd3 Nc7 25. Be3 h6 26. Rxa8+ Nbxa8 27. Qa1 Be6 28. Qa5 Bxb3 29. Nf5 Bf6 30. Qb4 Bc4 31. Bxc4 bxc4 32. Qxd6 Qxd6 33. Nxd6 Be7 34. Nxc4 Nb5 35. Nfxe5 Nxc3 36. f3 Nc7 37. Kf1 Ne6 38. Nc6 Bg5 39. Bxg5 hxg5 40. g3 f6 41. Kf2 Nb5 42. Ke3 Kf7 43. Nb6 Nd6 44. f4 gxf4+ 45. gxf4 g5 46. fxg5 Nxg5 47. e5 fxe5 48. Nxe5+ Ke6 49. Nd3 1/2-1/2

[Event "Salamanca Masters 7th"]
[Site "Salamanca"]
[Date "2024.05.24"]
[Round "5"]
[White "Iturrizaga Bonelli, Eduardo"]
[Black "Adams, Michael"]
[Result "1/2-1/2"]
[WhiteElo "2591"]
[BlackElo "2677"]
[PlyCount "88"]
[EventDate "2024.05.22"]
[EventType "tourn (rapid)"]
[EventRounds "7"]
[EventCountry "ESP"]
[EventCategory "12"]
[SourceTitle "CBM 220 Extra"]
[Source "ChessBase"]
[SourceDate "2024.07.31"]
[SourceVersion "1"]
[SourceVersionDate "2024.07.31"]
[SourceQuality "1"]

1. c4 Nf6 2. g3 e6 3. Bg2 d5 4. d4 Bb4+ 5. Bd2 Be7 6. Nf3 0-0 7. 0-0 Nbd7 8. Qc2 c6 9. Bf4 b6 10. Nbd2 Nh5 11. e3 Nxf4 12. exf4 Bb7 13. cxd5 cxd5 14. Rfe1 Rc8 15. Qb3 Nb8 16. Ne5 Nc6 17. Nxc6 Bxc6 18. Nf3 Qd6 19. a3 Rfd8 20. Bf1 Rc7 21. Bd3 Bf6 22. Ne5 Be8 23. h4 b5 24. f5 exf5 25. Bxf5 g6 26. Bh3 Re7 27. Qc3 Qc7 28. Qxc7 Rxc7 29. Rac1 Rxc1 30. Rxc1 Bxe5 31. dxe5 d4 32. Rc8 Rxc8 33. Bxc8 f6 34. exf6 Kf7 35. Kf1 Kxf6 36. Ke2 b4 37. axb4 Bb5+ 38. Kd2 h6 39. Bg4 g5 40. hxg5+ hxg5 41. Be2 Bd7 42. Kd3 Bb5+ 43. Kd2 Bd7 44. Kd3 Bb5+ 1/2-1/2

[Event "Salamanca Masters 7th"]
[Site "Salamanca"]
[Date "2024.05.23"]
[Round "4"]
[White "Adams, Michael"]
[Black "Muzychuk, Mariya"]
[Result "0-1"]
[WhiteElo "2677"]
[BlackElo "2510"]
[PlyCount "84"]
[EventDate "2024.05.22"]
[EventType "tourn (rapid)"]
[EventRounds "7"]
[EventCountry "ESP"]
[EventCategory "12"]
[SourceTitle "CBM 220 Extra"]
[Source "ChessBase"]
[SourceDate "2024.07.31"]
[SourceVersion "1"]
[SourceVersionDate "2024.07.31"]
[SourceQuality "1"]

1. e4 e5 2. Nf3 Nc6 3. Bb5 a6 4. Ba4 Nf6 5. d3 b5 6. Bb3 Bc5 7. a4 Rb8 8. Be3 Bxe3 9. fxe3 0-0 10. axb5 axb5 11. 0-0 d6 12. Nc3 Ne7 13. Nh4 Be6 14. Bxe6 fxe6 15. Qd2 d5 16. exd5 exd5 17. Nf5 b4 18. Ne2 Nxf5 19. Rxf5 Qd6 20. Ng3 Ra8 21. Raf1 g6 22. R5f3 Nd7 23. Rxf8+ Rxf8 24. Rxf8+ Qxf8 25. e4 d4 26. Nf1 c5 27. b3 Qf6 28. Qd1 h5 29. Nd2 Kf7 30. g3 Ke7 31. Kg2 Qe6 32. Nc4 Nb6 33. Nb2 Nd7 34. Qd2 Qf6 35. Qh6 Kf7 36. Nc4 Nf8 37. Qc1 Nd7 38. Qa1 g5 39. h3 h4 40. Qd1 hxg3 41. Qh5+ Kg7 42. Qg4 Qf2+ 0-1

[Event "Salamanca Masters 7th"]
[Site "Salamanca"]
[Date "2024.05.23"]
[Round "3"]
[White "Paehtz, Elisabeth"]
[Black "Adams, Michael"]
[Result "0-1"]
[WhiteElo "2457"]
[BlackElo "2677"]
[PlyCount "50"]
[EventDate "2024.05.22"]
[EventType "tourn (rapid)"]
[EventRounds "7"]
[EventCountry "ESP"]
[EventCategory "12"]
[SourceTitle "CBM 220 Extra"]
[Source "ChessBase"]
[SourceDate "2024.07.31"]
[SourceVersion "1"]
[SourceVersionDate "2024.07.31"]
[SourceQuality "1"]

1. e4 e5 2. Nf3 Nc6 3. Bb5 a6 4. Ba4 Nf6 5. d4 exd4 6. 0-0 Be7 7. e5 Ne4 8. Nxd4 0-0 9. Nf5 d5 10. exd6 Bxf5 11. dxe7 Qxe7 12. Bxc6 bxc6 13. Qf3 Qf6 14. Nc3 Nxc3 15. bxc3 Rfe8 16. Be3 Qg6 17. Rab1 Bxc2 18. Rb7 Re7 19. Bc5 Re5 20. Be3 Rc8 21. Qf4 Re7 22. Bc5 Rd7 23. Re1 h6 24. Bd4 c5 25. Bxc5 Be4 0-1

[Event "Salamanca Masters 7th"]
[Site "Salamanca"]
[Date "2024.05.22"]
[Round "2"]
[White "Adams, Michael"]
[Black "Ponomariov, Ruslan"]
[Result "1/2-1/2"]
[WhiteElo "2677"]
[BlackElo "2646"]
[PlyCount "61"]
[EventDate "2024.05.22"]
[EventType "tourn (rapid)"]
[EventRounds "7"]
[EventCountry "ESP"]
[EventCategory "12"]
[SourceTitle "CBM 220 Extra"]
[Source "ChessBase"]
[SourceDate "2024.07.31"]
[SourceVersion "1"]
[SourceVersionDate "2024.07.31"]
[SourceQuality "1"]

1. e4 e5 2. Nf3 Nc6 3. Bb5 Nf6 4. d3 Bc5 5. Ba4 0-0 6. 0-0 d6 7. c3 Ne7 8. h3 Ng6 9. d4 Bb6 10. Bc2 d5 11. exd5 exd4 12. cxd4 Nxd5 13. Nc3 c6 14. Re1 Ndf4 15. Bxg6 Nxg6 16. d5 cxd5 17. Bg5 f6 18. Be3 Ba5 19. Qb3 Bxc3 20. bxc3 b6 21. Rad1 Be6 22. Bxb6 Qxb6 23. Qxb6 axb6 24. Rxe6 Rxa2 25. Rxb6 Nf4 26. Nd4 Rfa8 27. h4 R8a7 28. Rb4 Kf7 29. Rdb1 Ne2+ 30. Nxe2 Rxe2 31. Rd4 1/2-1/2

[Event "Salamanca Masters 7th"]
[Site "Salamanca"]
[Date "2024.05.22"]
[Round "1"]
[White "Salimova, Nurgyul"]
[Black "Adams, Michael"]
[Result "1-0"]
[WhiteElo "2436"]
[BlackElo "2677"]
[PlyCount "67"]
[EventDate "2024.05.22"]
[EventType "tourn (rapid)"]
[EventRounds "7"]
[EventCountry "ESP"]
[EventCategory "12"]
[SourceTitle "CBM 220 Extra"]
[Source "ChessBase"]
[SourceDate "2024.07.31"]
[SourceVersion "1"]
[SourceVersionDate "2024.07.31"]
[SourceQuality "1"]

1. d4 Nf6 2. Bf4 d5 3. e3 e6 4. Nf3 Bd6 5. Bxd6 Qxd6 6. c4 0-0 7. Nc3 Rd8 8. Rc1 a6 9. c5 Qe7 10. Ne5 Nfd7 11. f4 Nxe5 12. fxe5 Qh4+ 13. g3 Qh6 14. Qf3 Nc6 15. Qf4 g5 16. Qf3 f6 17. h4 fxe5 18. hxg5 Qxg5 19. Rh5 Qg6 20. Bd3 e4 21. Nxe4 Rf8 22. Qh1 dxe4 23. Bxe4 Qxg3+ 24. Kd2 Qf2+ 25. Kd3 Nb4+ 26. Kc4 Qe2+ 27. Kb3 Rf2 28. Rg5+ Kf8 29. Qh6+ Ke7 30. Rg7+ Rf7 31. Qg5+ Ke8 32. Rg8+ Rf8 33. Rxf8+ Kxf8 34. Rg1 1-0

[Event "BCF-chT 2324 (4NCL)"]
[Site "England"]
[Date "2024.05.05"]
[Round "10.1"]
[White "Adams, Michael"]
[Black "Lupulescu, Constantin"]
[Result "1/2-1/2"]
[WhiteElo "2677"]
[BlackElo "2589"]
[PlyCount "61"]
[EventDate "2023.11.11"]
[EventType "team-tourn"]
[EventRounds "11"]
[EventCountry "ENG"]
[SourceTitle "EXT 2025"]
[Source "ChessBase"]
[SourceDate "2024.10.14"]
[SourceVersion "1"]
[SourceVersionDate "2024.10.14"]
[SourceQuality "1"]
[WhiteTeam "Wood Green"]
[BlackTeam "Manx Liberty"]
[WhiteTeamCountry "ENG"]
[BlackTeamCountry "ENG"]

1. e4 c5 2. Nf3 e6 3. g3 Nc6 4. Bg2 Nf6 5. d3 d5 6. Qe2 Be7 7. a4 b6 8. 0-0 Bb7 9. Re1 a6 10. h4 b5 11. axb5 axb5 12. Rxa8 Qxa8 13. Nc3 dxe4 14. Nxe4 0-0 15. Bg5 Nxe4 16. dxe4 Bxg5 17. hxg5 Qa5 18. Rd1 Nd4 19. Nxd4 cxd4 20. Rxd4 Qa1+ 21. Qd1 Qxb2 22. Rd8 g6 23. Rxf8+ Kxf8 24. Qd7 Qa1+ 25. Kh2 Qa6 26. Qd8+ Kg7 27. Qd4+ Kg8 28. c3 Bc6 29. Qd8+ Kg7 30. Qd4+ Kg8 31. Qd8+ 1/2-1/2

[Event "BCF-chT 2324 (4NCL)"]
[Site "England"]
[Date "2024.05.04"]
[Round "9.1"]
[White "Jones, Gawain C B"]
[Black "Adams, Michael"]
[Result "1-0"]
[WhiteElo "2620"]
[BlackElo "2677"]
[PlyCount "131"]
[EventDate "2023.11.11"]
[EventType "team-tourn"]
[EventRounds "11"]
[EventCountry "ENG"]
[SourceTitle "EXT 2025"]
[Source "ChessBase"]
[SourceDate "2024.10.14"]
[SourceVersion "1"]
[SourceVersionDate "2024.10.14"]
[SourceQuality "1"]
[WhiteTeam "Chessable White Rose"]
[BlackTeam "Wood Green"]
[WhiteTeamCountry "ENG"]
[BlackTeamCountry "ENG"]

1. c4 Nf6 2. Nf3 e6 3. g3 d5 4. Bg2 Be7 5. 0-0 0-0 6. d4 c6 7. b3 b6 8. Bb2 Nbd7 9. Qc2 a5 10. a3 Ba6 11. Nbd2 Rc8 12. Rfe1 c5 13. e4 dxe4 14. Nxe4 a4 15. d5 exd5 16. cxd5 Nxe4 17. Qxe4 Bf6 18. Bxf6 Nxf6 19. Qxa4 Ra8 20. Ne5 Bf1 21. Nc6 Rxa4 22. Nxd8 Bxg2 23. Nc6 Raa8 24. Ne7+ Kh8 25. Kxg2 Rfd8 26. Rad1 Rd6 27. Nf5 Rxd5 28. Rxd5 Nxd5 29. Nd6 Kg8 30. a4 Kf8 31. Nc4 Rb8 32. Rd1 Rd8 33. Kf3 Ke7 34. g4 g5 35. Re1+ Kf6 36. Rd1 Rd7 37. Rd2 h6 38. Rd1 Ke7 39. Re1+ Kf8 40. Rd1 Ke7 41. Kg3 Ke6 42. Re1+ Kf6 43. h4 Rd8 44. Rd1 Ke7 45. h5 Rd7 46. Kf3 Ke6 47. Re1+ Kf6 48. Rd1 Ke7 49. Rd2 Rd8 50. Re2+ Kf6 51. Re1 Rb8 52. Nd6 Nc7 53. Nf5 Ne6 54. Rd1 b5 55. a5 Ra8 56. Ra1 Ke5 57. Ke3 Ra6 58. f3 Nd8 59. Nxh6 Rxh6 60. a6 Nc6 61. a7 Nxa7 62. Rxa7 Rf6 63. Ra8 c4 64. bxc4 bxc4 65. Ra5+ Kd6 66. Ra6+ 1-0